[Event "Chess24 Legends of Chess"]
[Site "Online"]
[Date "2020.07.18"]
[Round "1.2"]
[White "Ivanchuk, Vasyl"]
[Black "Leko, Peter"]
[Result "0-1"]
[WhiteElo "2686"]
[BlackElo "2710"]
[Annotator "TA"]
[PlyCount "86"]
[EventDate "2020.07.21"]
[EventType "tourn"]
[SourceTitle "playchess.com"]
[Source "ChessBase"]
[SourceQuality "1"]

{[%evp 9,86,18,19,8,14,9,14,0,0,0,0,-10,-5,-18,4,-22,-11,-12,0,-20,-14,-31,-27,-24,-23,-24,-9,-25,0,-29,-13,-16,9,-48,0,0,0,0,0,0,0,0,0,-14,0,0,0,0,0,-24,0,0,0,0,0,0,0,0,0,0,0,0,0,0,0,0,0,-71,-63,-99,-79,-150,-110,-110,-109,-306,-308,-302,-295]} 1. e4 e5 2. Nf3 Nc6 3. Bb5 Nf6 4. d3 Bc5 5. Bxc6 dxc6 6. Nbd2 {C65: Ruy Lopez: Berlin Defence (3...Nf6), unusual lines and 4 0-0 Bc5.} Nd7 7. Nc4 f6 $1 {[%mdl 4] is currently scoring better than 7...0-0. Played by Wesley So in May 2020.} 8. Be3 {The position is equal.} (8. a4 {feels hotter.} a5 9. O-O O-O 10. Bd2 b6 11. Nh4) 8... Bxe3 9. Nxe3 Nc5 10. h4 {[#]} Be6 $146 ({Predecessor:} 10... h5 11. b4 Ne6 12. Nc4 Nd4 13. Nfd2 Bg4 14. f3 Bd7 15. c3 Ne6 16. Nb3 Qe7 {0-1 (37) Poetz,F (2427)-Schreiner,P (2440) Austria 2014}) 11. Qd2 Qe7 12. b3 O-O-O 13. Qc3 b6 14. O-O-O Kb7 15. h5 a5 16. Nh4 Qf7 (16... Bf7 {keeps more tension.} 17. Nhf5 Qf8 18. a4 g6 19. Ng3 Qe7) 17. Nhf5 Bxf5 18. Nxf5 Ne6 19. Kb2 g6 20. Ne3 Nd4 21. f3 (21. Rh2 $11) 21... Qe7 22. a4 Ne2 23. Qe1 Nf4 24. hxg6 hxg6 25. Qd2 Ne6 26. g3 Rh7 27. Rxh7 Qxh7 28. Ng4 Rh8 29. Qg2 Qg7 (29... Qe7 {seems wilder.} 30. Qf2 Qf8 31. Rf1 Rh3 32. Re1 Rh5) 30. Rh1 Rh5 31. Rxh5 gxh5 32. Ne3 Nd4 33. Qf2 Qe7 34. c3 Ne6 35. Nf5 Qd7 36. d4 exd4 37. cxd4 Ng7 38. g4 (38. Nxg7 $11 Qxg7 39. f4) 38... Nxf5 $17 39. gxf5 h4 40. d5 (40. Qxh4 $142 Qxd4+ 41. Kc2) 40... Qh7 {[#] Strongly threatening ...cxd5.} ({Of course not} 40... cxd5 $6 41. Qxh4 dxe4 42. Qxe4+ Qc6 43. Qe7 $11) 41. dxc6+ Kxc6 42. Kc3 $2 (42. Qc2+ $17 Kb7 43. e5) 42... h3 $19 {White must now prevent ...h2.} 43. Qh2 Qh5 {Accuracy: White = 74%, Black = 86%.} 0-1

[Event "Chess24 Legends of Chess"]
[Site "Online"]
[Date "2020.07.18"]
[Round "1.3"]
[White "Kramnik, Vladimir"]
[Black "Nepomniachtchi, Ian"]
[Result "0-1"]
[WhiteElo "2756"]
[BlackElo "2778"]
[Annotator "TA"]
[PlyCount "70"]
[EventDate "2020.07.21"]
[EventType "tourn"]
[SourceTitle "playchess.com"]
[Source "ChessBase"]
[SourceQuality "1"]

{[%evp 9,69,-4,0,-7,0,0,0,0,0,0,4,-11,2,6,43,37,35,19,60,48,44,0,0,10,0,-37,-41,-86,-44,-63,-62,-61,-50,-66,-21,-16,-25,-12,-42,-128,-15,-18,-13,-64,-50,-233,-231,-212,-206,-581,-545,-520,-521,-478,-211,-29994,-29995,-29996,-29997,-29998,-29999,-29999]} 1. Nf3 c5 2. b3 d6 3. c4 g6 4. Bb2 e5 5. g3 Bg7 6. Bg2 {A04: Unusual lines after 1 Nf3 and King's Indian Attack.} Ne7 7. O-O O-O 8. Nc3 {The position is equal.} Nbc6 9. d3 h6 10. Nd2 {[#]} f5 $5 $146 {[%mdl 8] An interesting novelty.} ({Predecessor:} 10... Be6 11. a3 Qd7 12. b4 cxb4 13. axb4 Nxb4 14. Ba3 a5 15. Rb1 e4 16. Na4 Ra6 17. Nxe4 {½-½ (56) Kramnik,V (2800)-Gelfand,B (2695) Moscow 2018}) 11. a3 a5 12. e3 g5 13. Nd5 Nxd5 14. cxd5 Ne7 15. f4 exf4 16. Bxg7 Kxg7 17. gxf4 Ng6 18. Kh1 b6 19. b4 Ra7 ({Reject} 19... cxb4 20. axb4 gxf4 21. exf4 $11) 20. bxa5 bxa5 21. d4 Ba6 22. Rg1 c4 23. fxg5 hxg5 24. Bf1 ({White should play} 24. e4 $15) 24... c3 (24... Qe7 $1 $17 {Black wants to play ...c3.} 25. Rg3 c3 26. Bxa6 Rxa6) 25. Bxa6 $11 Rxa6 {[%cal Ba7a6,Ba6b6,Bb6b2][%mdl 32]} 26. Nf1 (26. Nb1 $11) 26... Rb6 27. Ng3 $2 {This move loses the game for White.} (27. Qd3 $1 $15) 27... Qa8 $1 $19 {[%cal Ra8d5]} 28. e4 fxe4 29. Nf1 $2 (29. Ne2 {nothing else works.} Rf2 30. Rxg5) 29... Rf3 30. Rxg5 Rb2 {Threatens to win with ...Qh8!} 31. Ne3 {aiming for Qg1.} Qf8 $40 {[%mdl 128] White is in trouble.} ({But not} 31... Rxe3 $2 32. Qh5 $18) (31... Qd8 $142 32. Rg4 Qh8 $1 {[%mdl 512]}) 32. Qa4 $2 {[#]} (32. Qg1 $19 Qf6 33. Rc1) 32... Rxh2+ $1 {[%mdl 512] Black mates.} 33. Kg1 {[#]} (33. Kxh2 Qf4+) 33... Rg3+ $1 {[%mdl 576] Double Attack} 34. Kxh2 (34. Rxg3 Qf2#) 34... Qf2+ {[%mdl 64] Double Attack} 35. Kh1 Rh3# {Accuracy: White = 56%, Black = 67%.} 0-1

[Event "Chess24 Legends of Chess"]
[Site "Online"]
[Date "2020.07.18"]
[Round "1.3"]
[White "Anand, Viswanathan"]
[Black "Svidler, Peter"]
[Result "1/2-1/2"]
[WhiteElo "2751"]
[BlackElo "2742"]
[Annotator "TA"]
[PlyCount "68"]
[EventDate "2020.07.21"]
[EventType "tourn"]
[SourceTitle "playchess.com"]
[Source "ChessBase"]
[SourceQuality "1"]

{[%evp 18,68,14,17,22,4,32,16,19,29,29,28,44,0,25,20,43,-3,0,0,0,0,-9,-25,-31,-43,-24,-35,-39,-45,-8,-13,0,0,0,0,0,0,0,0,0,0,0,0,0,0,0,0,0,0,0,0,0]} 1. e4 e5 2. Nf3 Nc6 3. Bc4 Bc5 4. O-O Nf6 5. d3 d6 6. c3 a6 7. a4 Ba7 8. Re1 O-O 9. h3 Ne7 10. Nbd2 {[%cal Bb1d2,Bd2e4,Be4g3][%mdl 32]} Ng6 {C54: Giuoco Piano: 4 c3 Nf6, main lines with 5 d4 and 5 d3.} 11. d4 exd4 12. cxd4 d5 13. exd5 Nxd5 14. Ne4 c6 {[#]} 15. Qb3 $146 ({Predecessor:} 15. Ne5 Bf5 16. Qf3 Bxe4 17. Qxe4 Re8 18. Qg4 Qd6 19. Be3 Re6 20. Nf3 Rae8 21. Bd2 {0-1 (83) Leon Hoyos,M (2490)-Quesada Perez,Y (2619) Saint Louis 2017}) 15... h6 16. Bd2 Rb8 17. Ng3 Be6 18. Qc2 {[#] Black must now prevent Rxe6!} Nh4 {...Nxf3+ is the strong threat.} 19. Nxh4 Qxh4 20. Bxd5 cxd5 21. Ne2 Bxd4 22. Nxd4 Qxd4 23. Bc3 Qc4 {[#] Hoping for ...d4.} 24. Qd2 {The position is equal.} d4 25. Qxd4 Qxd4 26. Bxd4 Rbc8 27. Rec1 Rxc1+ 28. Rxc1 Rc8 29. Rxc8+ Bxc8 $11 {KB-KB} 30. a5 Bd7 31. Bc3 Bc6 32. Bd4 Bd7 33. Bc3 Bc6 34. Bd4 Bd7 {Accuracy: White = 89%, Black = 85%.} 1/2-1/2

[Event "Chess24 Legends of Chess"]
[Site "Online"]
[Date "2020.07.18"]
[Round "1.3"]
[White "Giri, Anish"]
[Black "Carlsen, Magnus"]
[Result "1/2-1/2"]
[WhiteElo "2731"]
[BlackElo "2881"]
[Annotator "TA"]
[PlyCount "103"]
[EventDate "2020.07.21"]
[EventType "tourn"]
[SourceTitle "playchess.com"]
[Source "ChessBase"]
[SourceQuality "1"]

{[%evp 9,103,15,14,19,35,31,28,27,27,31,34,31,30,28,30,25,30,25,28,15,15,10,19,7,9,9,15,15,14,16,12,0,0,0,0,-3,-3,-3,0,0,0,0,0,0,0,0,0,0,0,0,0,0,0,0,0,0,0,0,0,0,0,0,0,0,0,0,0,0,0,0,0,0,0,0,0,0,0,0,0,0,0,0,0,0,0,0,0,0,0,0,0,0,0,0,0,0]} 1. d4 Nf6 2. c4 e6 3. Nf3 d5 4. Nc3 a6 (4... c6 5. Bg5 Nbd7 6. e3 Qa5 7. Nd2 dxc4 8. Bxf6 Nxf6 9. Nxc4 Qc7 10. Rc1 Be7 11. g3 O-O 12. Bg2 Rd8 13. O-O Bd7 14. e4 b5 15. Ne3 Qb6 16. e5 Nd5 17. Ne4 Be8 18. a3 a5 19. Qd3 Ra7 {½-½ (41) Giri,A (2764)-Carlsen,M (2863) chess24.com INT 2020}) 5. cxd5 exd5 6. Bg5 {D37: Queen's Gambit Declined: 5 Bf4.} Be6 7. e3 Nbd7 8. h3 {White has an edge.} Bd6 9. Bd3 c6 10. Bf4 Qc7 11. Bxd6 Qxd6 12. O-O O-O 13. Qb3 {[#]} Rfb8 $146 ({Predecessor:} 13... Rab8 14. a4 Rfe8 15. Qa3 Qc7 16. Rfc1 Nb6 17. b4 Ra8 18. a5 Nc8 19. b5 axb5 20. Nxb5 {1-0 (48) Carlsen,M (2863)-Caruana,F (2835) chess24.com INT 2020}) 14. a4 a5 {The position is equal.} 15. Rfc1 g6 16. Nd2 Ne8 17. Ne2 Qe7 18. Nf4 Nd6 19. Qa3 Bf5 20. Rab1 Bxd3 21. Nxd3 Nf6 22. Ne5 Re8 23. Rc2 Nfe4 (23... Kg7 {is more complex.} 24. Rbc1 h6 25. Qb3 Rh8 26. Qa3 Rhc8) 24. Nxe4 Nxe4 25. Qxe7 Rxe7 26. Nd3 Nd6 27. h4 Kg7 28. g3 Nc4 29. Re1 h5 30. b3 Nd6 31. Rb1 Kf6 32. Nc5 Kg7 33. Rc3 Ne4 34. Nxe4 Rxe4 $11 {[%mdl 4096] Endgame KRR-KRR} 35. b4 axb4 36. Rxb4 Re7 37. Rcb3 Ra7 38. a5 Rxa5 39. Rxb7 Rxb7 40. Rxb7 {KR-KR} c5 41. dxc5 Rxc5 42. Kg2 Kf6 43. Rd7 Ke6 44. Rd8 Rc2 45. Kf3 Ra2 46. Re8+ Kf6 47. Rb8 Ke6 48. Rb6+ Ke7 49. Rb4 Ke6 50. Rb6+ Ke7 51. Rb4 Ke6 52. Rb6+ {Accuracy: White = 100%, Black = 100%.} 1/2-1/2

[Event "Chess24 Legends of Chess"]
[Site "Online"]
[Date "2020.07.18"]
[Round "1.3"]
[White "Leko, Peter"]
[Black "Ivanchuk, Vasyl"]
[Result "1/2-1/2"]
[WhiteElo "2710"]
[BlackElo "2686"]
[Annotator "TA"]
[PlyCount "91"]
[EventDate "2020.07.21"]
[EventType "tourn"]
[SourceTitle "playchess.com"]
[Source "ChessBase"]
[SourceQuality "1"]

{[%evp 9,91,27,48,21,20,25,18,2,10,0,-6,-5,-5,0,7,6,4,1,8,0,13,12,14,13,25,6,8,3,13,0,0,0,0,0,0,-7,0,0,0,0,0,0,0,0,0,0,0,-43,0,-6,0,0,0,0,0,0,0,0,0,0,0,0,0,0,0,0,0,0,0,0,0,0,0,0,0,0,0,0,0,0,0,0,0,0]} 1. d4 d6 2. e4 Nf6 3. Nc3 g6 4. Be3 c6 5. Nf3 Nbd7 6. Bd3 {B07: Pirc Defence: Miscellaneous Systems.} Bg7 7. O-O O-O 8. Ne2 e5 9. Ng3 exd4 10. Bxd4 Re8 11. h3 Ne5 12. Nxe5 dxe5 13. Be3 Be6 14. Qe2 {[#]} h5 $146 ({Predecessor:} 14... b5 15. a4 a6 16. axb5 axb5 17. Rfd1 Nd7 18. c4 b4 19. Bc2 Bf8 20. f3 Qc7 21. b3 Bc5 {0-1 (31) Mujunen,M (2058)-Halmeenmaki,T (2169) Finland 2018}) 15. Rfd1 Qc7 16. a4 Bf8 17. Nf1 {[%cal Bg3f1,Bf1h2,Bh2f3][%mdl 32]} Nd7 18. Bc4 Nc5 19. Bxe6 Nxe6 20. Nh2 Bc5 21. Bxc5 Nxc5 22. Nf3 a5 23. Qe3 Qe7 24. b3 Red8 25. h4 f6 26. g3 Kg7 27. Kg2 Ne6 28. Qc3 Qb4 29. Qe3 {The position is equal.} Qc5 30. Qe2 Kf7 31. Rxd8 Rxd8 32. Rd1 Rxd1 33. Qxd1 Ke7 34. Qd3 b5 35. c3 $1 Qb6 36. Nd2 Qc5 37. Kf1 Qa3 38. axb5 cxb5 39. Qxb5 Qc1+ 40. Ke2 {[#] Black must now prevent Qb7+.} Qxc3 {( -> ...Nd4+)} 41. Qb7+ Kf8 {Hoping for ...Nd4+.} 42. Qb8+ Kg7 43. Qa7+ Kf8 44. Qb8+ Kg7 {[#] Strongly threatening ...Nd4+.} 45. Qa7+ Kf8 {aiming for ...Nd4+.} 46. Qb8+ {Not much happened in this game. Accuracy: White = 94%, Black = 97%.} 1/2-1/2

[Event "Chess24 Legends of Chess"]
[Site "Online"]
[Date "2020.07.18"]
[Round "1.4"]
[White "Carlsen, Magnus"]
[Black "Giri, Anish"]
[Result "1-0"]
[WhiteElo "2881"]
[BlackElo "2731"]
[Annotator "TA"]
[PlyCount "87"]
[EventDate "2020.07.21"]
[EventType "tourn"]
[SourceTitle "playchess.com"]
[Source "ChessBase"]
[SourceQuality "1"]

{[%evp 22,87,20,29,91,85,92,85,95,95,106,74,83,82,93,84,69,77,72,86,77,79,85,86,95,54,83,45,52,33,59,16,49,42,45,50,56,60,54,47,83,52,81,66,63,58,131,130,186,151,147,77,175,161,279,201,317,283,560,219,534,531,503,475,816,645,931,855]} 1. d4 Nf6 2. c4 g6 3. Nf3 Bg7 4. g3 O-O 5. Bg2 d6 6. Nc3 Nbd7 7. O-O e5 8. e4 exd4 9. Nxd4 Nc5 10. h3 Re8 11. Re1 Bd7 {is recently more successful than 11...a5. Played by Alexander Grischuk in May 2020.} 12. Bf4 Nh5 {E68: King's Indian: Fianchetto: 6...Nbd7 7 0-0 e5 8 e4.} (12... h6 $11) 13. Be3 $16 c6 14. Qc2 {[#]} a5 $146 {White is better.} ({Predecessor:} 14... Qc8 15. Kh2 Ne6 16. Rad1 Qc7 17. Nde2 a6 18. Qd2 Bf8 19. Na4 c5 20. Nac3 Nf6 {1-0 (36) Jablonicky,F (2222)-Likavska,B (1887) Brezova pod Bradlom 2009}) 15. Rad1 Qc7 16. Qd2 a4 17. Nde2 Be6 18. Qxd6 Qxd6 19. Rxd6 Ra5 20. Rc1 Bf8 21. Rd4 Raa8 22. g4 Nf6 23. f4 Nfd7 24. Nd1 {aiming for f5.} f6 $1 25. Nf2 Bf7 26. h4 h6 27. Ng3 g5 $1 28. hxg5 hxg5 29. fxg5 fxg5 30. Bxg5 Ne5 {[#] Hoping for ...Ne6.} 31. Be3 Red8 32. Nf5 Rxd4 33. Bxd4 ({Of course not} 33. Nxd4 Nxc4 34. Bg5 Nxb2 $15) 33... Re8 ({Black should play} 33... Ncd7 $1 $14) 34. Rc3 Ng6 (34... Ncd7 $16 35. c5 Bxa2) 35. b3 Nf4 36. Bf1 (36. Bf3 $142) 36... Nce6 (36... axb3 $16 37. axb3 Nxe4) 37. Be3 a3 (37... Bb4 $142 38. Rc2 Bc5) 38. e5 Rd8 (38... Bb4 $142 39. Rc1 Bc5) 39. Ne4 $18 Rd1 $2 (39... Be8 40. Ned6 Ng6) 40. Nf6+ Kh8 {[#] ...Ne2+ is the strong threat.} 41. Rc2 {White is clearly winning.} Nh3+ 42. Kg2 Neg5 (42... Nhf4+ $142 43. Kg1 Nh3+ 44. Kh2 Rxf1 45. Kxh3 Bg6) 43. Rc1 Rd8 44. Kg3 {Accuracy: White = 65%, Black = 45%.} 1-0

[Event "Chess24 Legends of Chess"]
[Site "Online"]
[Date "2020.07.18"]
[Round "1.4"]
[White "Ding, Liren"]
[Black "Gelfand, Boris"]
[Result "0-1"]
[WhiteElo "2836"]
[BlackElo "2702"]
[Annotator "TA"]
[PlyCount "32"]
[EventDate "2020.07.21"]
[EventType "tourn"]
[SourceTitle "playchess.com"]
[Source "ChessBase"]
[SourceQuality "1"]

{[%evp 9,32,3,15,0,16,-5,0,-48,-40,-65,229,-53,-18,-26,39,-57,-45,-245,-247,-237,-230,-270,-276,-267,-278]} 1. e4 c5 2. Nf3 Nc6 3. Bb5 e6 4. Bxc6 bxc6 5. d3 Qc7 6. Nbd2 {[#] B30: Sicilian: 2...Nc6 3 Bb5, lines without ...g6.} e5 $146 ({Predecessor:} 6... d5 7. b3 e5 8. Nf1 Nf6 9. Ng3 Bg4 10. O-O Be7 11. h3 Bh5 12. Bg5 Bg6 13. Qe1 d4 {½-½ (62) Atui,A-Jafet,C Monte Libano 2012}) 7. Nh4 Ne7 8. f4 {The position is equal.} exf4 9. O-O $1 h6 $2 {[%mdl 8192] [#]} (9... g5 $15 {stays ahead.} 10. Nhf3 h6) 10. b3 $2 ({White has to play} 10. Nc4 $1 $18 g5 11. e5 (11. Nf5 Nxf5 12. exf5 Bg7 $17)) 10... g5 {...Bg7 is the strong threat.} 11. Bb2 $1 {Black must now prevent Nc4.} Rg8 ({Black should play} 11... Rh7 $1 $11 12. Nc4 d5) 12. Nf5 (12. Nc4 $1 $14 Ng6 13. Nxg6 Rxg6 14. e5) 12... d5 $15 13. Qh5 $2 (13. Nxe7 $1 $15 Qxe7 14. Re1) 13... Bxf5 $19 14. exf5 Nxf5 15. Rfe1+ Ne3 16. Nf1 {[#]} d4 $1 {Accuracy: White = 38%, Black = 45%.} 0-1

[Event "Chess24 Legends of Chess"]
[Site "Online"]
[Date "2020.07.18"]
[Round "1.4"]
[White "Nepomniachtchi, Ian"]
[Black "Kramnik, Vladimir"]
[Result "1/2-1/2"]
[WhiteElo "2778"]
[BlackElo "2756"]
[Annotator "TA"]
[PlyCount "118"]
[EventDate "2020.07.21"]
[EventType "tourn"]
[SourceTitle "playchess.com"]
[Source "ChessBase"]
[SourceQuality "1"]

{[%evp 9,118,10,36,27,40,37,27,25,22,19,19,19,19,19,19,19,23,22,29,21,21,15,14,15,22,22,22,22,22,22,22,22,22,22,22,22,22,7,30,0,0,0,0,0,0,0,11,0,0,0,0,0,0,0,0,0,0,0,0,0,0,0,0,0,0,0,0,0,0,0,0,0,0,0,0,0,0,0,0,0,0,0,0,0,90,0,0,0,0,-12,0,0,0,0,0,0,0,0,0,0,0,0,0,0,0,0,0,0,0,0,0]} 1. d4 Nf6 2. c4 e6 3. Nf3 d5 4. Nc3 Nbd7 5. Qc2 dxc4 6. e4 {D37: Queen's Gambit Declined: 5 Bf4.} c5 7. dxc5 Bxc5 8. Bxc4 {White has an edge.} Qc7 9. O-O O-O 10. Qe2 {next e5 is good for White.} Ne5 11. Bf4 Bd6 $1 {[#] ...Nxf3+ is the strong threat.} 12. Bxe5 Bxe5 13. Nxe5 Qxe5 {[#]} 14. f4 $146 ({Predecessor:} 14. Kh1 Qf4 15. Rad1 Bd7 16. f3 Rac8 17. Bb3 Bc6 18. Qd2 Qxd2 19. Rxd2 Rfd8 20. Rfd1 Rxd2 21. Rxd2 {½-½ (31) Melkumyan,H (2642)-Berkes,F (2661) Heraklion 2017}) 14... Qc5+ 15. Kh1 e5 16. f5 b5 17. Bxb5 Bb7 18. Rac1 Rac8 19. h3 Rfd8 20. Ba6 (20. Kh2 {feels hotter.} Qb4 21. Bd3 h6 22. Rfe1 Qb6 23. Bc4) 20... Qb6 21. Bxb7 Qxb7 22. Kh2 h6 23. Rcd1 Rd4 24. Rf3 Rxd1 25. Qxd1 Nxe4 26. Nxe4 Qxe4 $11 {[%mdl 4096] Endgame KQR-KQR} 27. Qd7 Qc6 28. Qxa7 e4 29. Rf4 Qd6 30. Qe3 Rc4 31. Kg1 Qe5 32. Rf2 Kh7 33. Re2 f6 34. b3 Rd4 35. Re1 Qd5 36. Kh2 Qe5+ 37. Kg1 Qd5 38. a3 Rd3 39. Qxe4 Qxb3 40. a4 Qc3 41. Kh1 Rd8 42. Rb1 Rd3 43. Qg4 {[#] White wants to mate with Qg6+.} Rg3 44. Qf4 Re3 45. Kh2 Qd3 46. Rb7 {Threatens to win with a5.} Qc3 (46... h5 $1 $11) 47. Rb5 (47. a5 $16 {Hoping for a6.} Qc5 48. Qc7 Qe5+ 49. Qxe5 Rxe5 50. a6 Rxf5 51. Kg3) 47... Re1 {The position is equal.} 48. a5 Ra1 49. Rb7 Rxa5 50. Rc7 ({Reject} 50. Qg4 Qe5+ 51. Qg3 Qxg3+ 52. Kxg3 Rxf5 $17) 50... Rc5 51. Rxc5 Qxc5 {KQ-KQ} 52. g4 Qc3 53. Qe4 Qd2+ 54. Kg3 h5 55. Qe8 hxg4 56. Qg6+ Kg8 57. Qe8+ Kh7 58. Qg6+ Kg8 59. Qe8+ Kh7 {Accuracy: White = 96%, Black = 98%.} 1/2-1/2

[Event "Chess24 Legends of Chess"]
[Site "Online"]
[Date "2020.07.18"]
[Round "1.4"]
[White "Svidler, Peter"]
[Black "Anand, Viswanathan"]
[Result "1-0"]
[WhiteElo "2742"]
[BlackElo "2751"]
[Annotator "TA"]
[PlyCount "71"]
[EventDate "2020.07.21"]
[EventType "tourn"]
[SourceTitle "playchess.com"]
[Source "ChessBase"]
[SourceQuality "1"]

{[%evp 9,71,9,10,11,13,8,14,22,13,-8,-9,-20,-31,-36,-17,-29,-8,-69,-69,-86,-79,-70,-56,-58,-37,-56,-44,-59,-38,-36,-27,-41,-47,-87,-83,-83,-85,-122,-116,-221,-210,-225,-216,-243,-158,-141,-109,-144,-145,-154,-157,-118,0,0,0,0,0,0,0,0,0,-280,627,625]} 1. Nf3 d5 2. g3 c5 3. Bg2 Nf6 4. O-O g6 5. d4 (5. c4 Bg7 6. cxd5 Nxd5 7. Nc3 O-O 8. Nxd5 Qxd5 9. d4 cxd4 10. Be3 Nc6 11. Nxd4 Qc4 12. Nxc6 bxc6 13. Qb3 Be6 14. Qxc4 Bxc4 15. Rac1 Bxa2 16. Bxc6 Rab8 17. Bxa7 {½-½ (17) Svidler,P (2747)-Anand,V (2786) Zuerich 2017}) 5... cxd4 6. Nxd4 {A08: King's Indian Attack.} Bg7 7. Nb3 Nc6 8. Nc3 {[%cal Rc3d5] The position is equal.} e6 9. Be3 $5 {[%mdl 4] Exploring less charted territory.} O-O {[#]} 10. Bc5 $146 ({Predecessor:} 10. h3 Ne5 11. Bd4 Nc4 12. Rb1 Re8 13. f4 Qc7 14. g4 Bd7 15. e4 Nxe4 16. Nxe4 dxe4 17. Bxg7 Kxg7 {0-1 (39) Todts,B-Hekhuis,J (2173) Vlissingen 2004}) 10... Re8 11. Nb5 b6 12. Ba3 Ba6 13. c4 ({White should try} 13. Nd6 $1 $11) 13... Ne5 $15 14. Nd6 {[%cal Rc4d5]} Nxc4 15. Nxe8 Nxe8 16. Rc1 Nxb2 17. Bxb2 Bxb2 18. Rc2 Bg7 $36 {[%mdl 2048] Black fights for an advantage.} 19. Qc1 Nd6 20. Rd1 Bb7 21. Qf4 a5 22. Nd2 b5 {[%cal Bb6b5,Bb5b4][%mdl 32]} 23. Rdc1 b4 24. Rc5 (24. Nb3 $17) 24... e5 $19 25. Qe3 Nf5 26. Qb3 {[%cal Rg2d5]} e4 27. e3 Bf8 $1 28. Rc7 {[%cal Bc5c7,Bc7d7,Bd7e7][%mdl 32] [#]} a4 $1 {[%cal Ra4b3]} 29. Qc2 Nd6 30. Bh3 Ba6 (30... Qb8 $17 31. Rd7 Ra6) 31. Qc6 $1 $11 Nb5 32. Rd7 {[%mdl 64] Double Attack} Qe8 {And now ...Rc8 would win.} 33. Qxd5 Nc3 34. Rxc3 $1 {[%mdl 64] Remove Defender} bxc3 {[#]} 35. Nxe4 $2 {[%mdl 8192]} (35. Rxf7 $1 $11 {[%mdl 512] and White stays safe.} Qxf7 36. Be6) 35... Be7 $4 {[%mdl 8192] [#]} (35... c2 $19 36. Rc7 Bg7) 36. Rxe7 $1 {[%mdl 512] Quite a comeback for White. Accuracy: White = 70%, Black = 81%.} 1-0

[Event "Chess24 Legends of Chess"]
[Site "Online"]
[Date "2020.07.18"]
[Round "1.4"]
[White "Ivanchuk, Vasyl"]
[Black "Leko, Peter"]
[Result "1-0"]
[WhiteElo "2686"]
[BlackElo "2710"]
[Annotator "TA"]
[PlyCount "111"]
[EventDate "2020.07.21"]
[EventType "tourn"]
[SourceTitle "playchess.com"]
[Source "ChessBase"]
[SourceQuality "1"]

{[%evp 9,111,-21,0,-14,-23,-18,-21,-15,-28,-20,-19,-38,0,0,0,-22,0,0,0,-23,0,-30,-29,-80,0,0,0,-15,-11,-15,-12,-16,-15,-14,-7,-7,-7,-7,0,0,9,0,30,0,0,0,63,16,26,25,69,60,152,165,260,100,125,129,129,151,345,345,344,344,358,348,346,351,331,339,490,488,496,508,1744,1689,1595,1446,3148,3006,2440,1989,8280,6656,29967,29968,29966,29969,29963,29961,29964,29959,29965,29958,29981,29982,29986,29987,29989,29990,29990,29991,29991,29992]} 1. e4 e5 2. f4 exf4 3. Nf3 h6 4. d4 g5 5. g3 fxg3 6. hxg3 {C34: King's Gambit Accepted: 3 Nf3: 3...Nf6 and 3...d6.} Bg7 $1 7. Nc3 d6 8. Be3 {The position is equal.} Nf6 9. Qd2 Ng4 10. Bg1 Nc6 11. O-O-O O-O {[#]} 12. Nh2 $146 ({Predecessor:} 12. Be2 a6 13. Re1 Bd7 14. Bd3 b5 15. Nd5 Ne7 16. Ne3 Re8 17. Rf1 Ng6 18. Nxg4 Bxg4 {½-½ (49) Nightingale,D (2506)-Marczell,P (2559) ICCF email 2009}) 12... Nxh2 13. Rxh2 Bg4 14. Re1 Ne7 15. Bg2 Qd7 16. Be3 (16. d5 $11 {remains equal.}) 16... Ng6 (16... f5 $17 17. exf5 Rae8 18. Bxb7 c6) 17. Reh1 $11 c6 18. Rxh6 Bxh6 19. Rxh6 Kg7 20. Bxg5 f6 21. Be3 Rh8 22. b3 Rxh6 23. Bxh6+ Kh7 24. Bf1 Bh3 25. Be2 Re8 26. Kb2 b5 27. Bd3 Qg4 ({Black should play} 27... Bg4 $11) 28. Be3 (28. e5 $5 f5 29. Bf4 (29. exd6 Qxd4 30. Qh2 Kxh6 $17) 29... Nxf4 30. gxf4 $14) 28... b4 29. Nd1 Qxg3 30. Qxb4 Bg4 {[#]} (30... Re7 $14) 31. e5 $1 $16 {[%mdl 512]} f5 (31... Rg8 $142) (31... dxe5 32. Qb7+) 32. Qxd6 $2 (32. Bg5 $18 {Qb7+ is the strong threat.} Bxd1 33. Qb7+ {[%mdl 64] Double Attack} Kg8 34. Qxc6 {[%mdl 64] Double Attack} (34. Bc4+ d5 $11)) 32... Bxd1 33. Bxf5 {Intending Qd7+! and mate.} Rg8 34. Bd2 Bg4 $2 {[#] Now Black is done in.} (34... Qh2 $16 35. Bb4 a5 36. Bxa5 Qf4) 35. Qe7+ $1 $18 {[%mdl 64] Double Attack} Rg7 36. Qg5 {And now e6 would win.} Qh2 {aiming for ...Bxf5.} 37. Bxg4 {Strongly threatening Bf5.} Ne7 38. Qh5+ Qxh5 39. Bxh5 {[%mdl 4096] Endgame KRN-KB} Rg2 (39... Nf5 {was worth a try.} 40. Bc3 Kg8) 40. Bb4 Nd5 41. Bf3 Rf2 (41... Rg7 $142 42. Bc5 Kg6) 42. Bxd5 cxd5 {KR-KB} 43. Bc5 a6 44. b4 Kg6 45. a4 {[%cal Ba2a4,Ba4b5,Bb5b6][%mdl 32]} Kf5 46. b5 axb5 47. axb5 {White mates.} Ke6 48. b6 Kd7 49. Kb3 Kc6 50. c4 dxc4+ 51. Kxc4 Rf4 52. e6 Re4 53. e7 Kd7 54. b7 Kc7 {[#]} 55. Bd6+ $1 {[%mdl 512]} Kxb7 (55... Kxd6 56. b8=Q+) 56. Be5 {Accuracy: White = 84%, Black = 60%.} 1-0